000 00289nam a22001337a 4500
008 170406b xxu||||| |||| 00| 0 eng d
020 _a9780071435918
041 _aeng
080 _27 ED
_a616.34
100 _a9
101 _aSHM
245 _aHEMATOLOGY
_cLICHTMAN.M.A
942 _2udc
_cBK
999 _c9906
_d9906